000 00271nam a2200109Ia 4500
008 210430s9999 xx 000 0 und d
082 _a355.09 F96Z
100 _aJ.F.C. Fuller
_949175
245 _aArmament and Histroy
_cJ.F.C. Fuller
300 _a225
942 _cBK
_2ddc
999 _c565259
_d565259